Organización y plan de estudios : Cuestionario para el examen de ingreso / Escuela de Bibliotecarias de la Diputación Provincial Cuestionario para el examen de ingreso / Escuela de Bibliotecarias de la Diputación Provincial
Descripción Física:
15 p. : il. ; 19'5 cm
Materias:
Escola de Bibliotecàries -- Currículums
MARC
| LEADER | 00000nam a2200000Ia 4500 | ||
|---|---|---|---|
| 001 | 6133 | ||
| 008 | 160829s1940 xx 000 0 cat d | ||
| 080 | |a FU-1-29 | ||
| 110 | 2 | |a Escola de Bibliotecàries |9 54304 | |
| 245 | |a Organización y plan de estudios : |b Cuestionario para el examen de ingreso / Escuela de Bibliotecarias de la Diputación Provincial | ||
| 260 | |a Barcelona : |b [l'Escola], |c 1940 | ||
| 300 | |a 15 p. : |b il. ; |c 19'5 cm | ||
| 590 | |a Hi ha un duplicat a: S-442, exp. 6 | ||
| 650 | |a Escola de Bibliotecàries |x Currículums |9 47888 | ||
| 856 | 4 | |u https://media.diba.cat/diba/fitxers/arxiu/fulletons/bib_6133_baixa.pdf |y Accés lliure | |
| 856 | 4 | |u https://media.diba.cat/diba/fitxers/arxiu/fulletons/bib_6133_baixa.pdf |y Accés lliure | |
| 901 | |a Arxiu | ||
| 942 | |n 1 |2 udc | ||
| 952 | |0 0 |1 0 |4 0 |6 FU129 |7 1 |9 54178 |a Arxiu |b Arxiu |d 2016-12-01 |l 0 |o FU-1-29 |p 6133 |r 2016-12-01 00:00:00 |w 2016-12-01 |y ARXIU | ||
| 999 | |c 58047 |d 58047 | ||
| 900 | |a bib_6133_baixa.pdf | ||